00919nam a2200241 a 4500001001000000003000500010005001700015008004100032010001100073011001100084040000900095100002700104245017700131260004100308500006000349502007500409650003400484650001400518650001900532650001300551650004300564856007000607000109962CHAP20220329144110.0140616s2014 mx sm |||||||spa d a106424 a107396 cCHAP1 aLozano Durán, Melina10aRiqueza de abejas silvestres en cuatro hábitats del área recreativa nacional del Río Chattahoochee, Atlanta, Georgia, EE.UU.h[En línea]cpor Melina Lozano Durán. aChapingo, Méx. :bEl autor,c2014. aPara ver el contenido del material haga clic en la liga aTesis (Ing. en Agroecología) -- UACH. Departamento de Agroecología14aAbejasxHábitos y conducta.14aEspecies.14aPolinizadores.14aRiqueza.14aVida silvestrexConservaciónxE.U.A. aFinding aiduhttp://10.13.5.2/tesis/sist109962.pdfzTeclea aquí